[Event "Wch U10"]
[Site "Montesilvano"]
[Date "2024.11.26"]
[Round "11"]
[White "Mariani, Kim Paul"]
[Black "Popov, Aleksandr And"]
[Result "1-0"]
[WhiteElo "1814"]
[BlackElo "1651"]
[PlyCount "89"]
[EventDate "2024.11.15"]
[EventType "swiss"]
[EventRounds "11"]
[EventCountry "ITA"]
[SourceTitle "CB48_2024"]
[SourceDate "2024.11.28"]
[SourceVersion "1"]
[SourceVersionDate "2024.11.28"]
[SourceQuality "1"]

1. e4 e5 2. Nf3 Nc6 3. Bc4 Bc5 4. c3 Nf6 5. d3 a5 6. Bb3 d6 7. Nbd2 0-0 8. Nf1 h6 9. h3 Be6 10. Bc2 Ba7 11. Ng3 Ne7 12. d4 Ng6 13. Be3 Bc4 14. b3 Ba6 15. Qd2 Kh7 16. Nf5 Ng8 17. h4 exd4 18. cxd4 N6e7 19. g4 c5 20. d5 Nxf5 21. exf5 f6 22. g5 c4 23. Bxa7 Rxa7 24. 0-0-0 cxb3 25. axb3 Re8 26. gxh6 Re2 27. Qf4 Nxh6 28. Nd4 Re7 29. Ne6 Qb8 30. Rhg1 Be2 31. Rde1 Bh5 32. Ng5+ fxg5 33. f6+ Kg8 34. Bh7+ Kh8 35. Rxe7 g6 36. Qd4 Nf7 37. Rxf7 Qc8+ 38. Kb2 Ra8 39. Re7 Qc2+ 40. Kxc2 Rc8+ 41. Kb2 Rc2+ 42. Kxc2 Bd1+ 43. Kxd1 a4 44. f7+ Kxh7 45. f8Q# 1-0

[Event "Wch U10"]
[Site "Montesilvano"]
[Date "2024.11.17"]
[Round "3"]
[White "Popov, Aleksandr And"]
[Black "Liu, Liam"]
[Result "0-1"]
[WhiteElo "1651"]
[BlackElo "1783"]
[PlyCount "114"]
[EventDate "2024.11.15"]
[EventType "swiss"]
[EventRounds "11"]
[EventCountry "ITA"]
[SourceTitle "CB48_2024"]
[SourceDate "2024.11.28"]
[SourceVersion "1"]
[SourceVersionDate "2024.11.28"]
[SourceQuality "1"]

1. e4 c6 2. d4 d5 3. e5 c5 4. dxc5 e6 5. a3 Bxc5 6. b4 Be7 7. Bb2 a5 8. b5 Nd7 9. Nf3 Nh6 10. Be2 f6 11. exf6 Bxf6 12. Bxf6 Qxf6 13. Qd4 Nf5 14. Qxf6 gxf6 15. c4 dxc4 16. Bxc4 Nc5 17. Nbd2 Bd7 18. a4 Rc8 19. Nb3 b6 20. Nxc5 Rxc5 21. Bd3 Nd6 22. 0-0 e5 23. Rfe1 Be6 24. Bf1 Ke7 25. g3 Rhc8 26. Bg2 Rc4 27. Nd2 Rd4 28. Red1 Rc2 29. Nf1 Rxd1 30. Rxd1 Ra2 31. Rc1 Bc4 32. Ne3 Rxa4 33. Nd5+ Bxd5 34. Bxd5 Nxb5 35. Rc6 Rd4 36. Bb3 Rd6 37. Rc4 Nd4 38. Ba4 b5 39. Rc5 bxa4 40. Rxa5 Ne2+ 41. Kf1 Nc3 42. Kg2 Rd5 43. Ra6 Rd4 44. Rc6 Nb5 45. Rb6 Rb4 46. Ra6 a3 47. Ra5 Rb2 48. g4 a2 49. g5 fxg5 50. h4 gxh4 51. Kh3 Nc3 52. f4 Rb3 53. fxe5 Na4+ 54. Kxh4 a1Q 55. Rxa4 Qxa4+ 56. Kh5 Qf4 57. e6 Rh3# 0-1

[Event "EU-Cup 39th"]
[Site "Vrnjacka Banja"]
[Date "2024.10.23"]
[Round "4.4"]
[White "Popov, Aleksandr And"]
[Black "Loescher, Leon"]
[Result "1-0"]
[WhiteElo "1601"]
[BlackElo "1995"]
[PlyCount "71"]
[EventDate "2024.10.20"]
[EventType "team-swiss"]
[EventRounds "7"]
[EventCountry "SRB"]
[SourceTitle "CB44_2024"]
[Source "Chessbase"]
[SourceDate "2024.10.30"]
[SourceVersion "1"]
[SourceVersionDate "2024.10.30"]
[SourceQuality "1"]
[WhiteTeam "Belgrade Radnicki"]
[BlackTeam "Raika Feffernitz"]
[WhiteTeamCountry "SRB"]
[BlackTeamCountry "AUT"]

1. e4 e5 2. Nf3 Nc6 3. d4 exd4 4. Nxd4 Bc5 5. Nb3 Bb6 6. Qe2 d6 7. Nc3 Nge7 8. Be3 Be6 9. 0-0-0 Qc8 10. f3 0-0 11. g4 Ne5 12. Bg2 Bxe3+ 13. Qxe3 a5 14. a4 Nc4 15. Qf2 Nb6 16. Nd4 Bd7 17. b3 Nc6 18. Ndb5 Nb4 19. h4 Re8 20. g5 Re5 21. f4 Rc5 22. Rd2 Bxb5 23. Nxb5 Rxc2+ 24. Kb1 Rxd2 25. Qxd2 Qe6 26. Nd4 Qe8 27. h5 Nc6 28. Nf5 Ne7 29. Qb2 Nxf5 30. exf5 c6 31. g6 Qd7 32. Be4 h6 33. f6 d5 34. gxf7+ Qxf7 35. Rg1 Qxh5 36. Rxg7+ 1-0